Detalles MARC
| 000 -CABECERA |
| campo de control de longitud fija |
02994nam a22003257a 4500 |
| 001 - NÚMERO DE CONTROL |
| campo de control |
0074 |
| 003 - IDENTIFICADOR DEL NÚMERO DE CONTROL |
| campo de control |
DO-SdBPM |
| 005 - FECHA Y HORA DE LA ÚLTIMA TRANSACCIÓN |
| campo de control |
20260219130407.0 |
| 007 - CAMPO FIJO DE DESCRIPCIÓN FÍSICA--INFORMACIÓN GENERAL |
| campo de control de longitud fija |
ta |
| 008 - DATOS DE LONGITUD FIJA--INFORMACIÓN GENERAL |
| campo de control de longitud fija |
151006b2008 dr | |||| 00| 0 spa d |
| 040 ## - FUENTE DE LA CATALOGACIÓN |
| Centro catalogador/agencia de origen |
DO-SdBPM |
| Lengua de catalogación |
spa |
| Centro/agencia transcriptor |
BPMSU |
| Normas de descripción |
rda |
| 082 #4 - NÚMERO DE LA CLASIFICACIÓN DECIMAL DEWEY |
| Número de clasificación |
370.98 |
| Número de documento/Ítem |
P598t 2008 |
| Número de edición |
22 |
| 100 1# - ENTRADA PRINCIPAL--NOMBRE DE PERSONA |
| Nombre de persona |
Picón Espinoza, César |
| Término indicativo de función/relación |
autor |
| Código de función/relación |
aut. |
| Fechas asociadas al nombre |
|
| 245 10 - MENCIÓN DE TÍTULO |
| Título |
Temas educativos latinoamericanos y dominicanos / |
| Mención de responsabilidad, etc. |
César Picón Espinoza |
| 260 ## - PUBLICACIÓN, DISTRIBUCIÓN, ETC. |
| Fecha de publicación, distribución, etc. |
|
| 264 ## - PRODUCCIÓN, PUBLICACIÓN, DISTRIBUCIÓN, FABRICACIÓN Y COPYRIGHT |
| Producción, publicación, distribución, fabricación y copyright |
Santo Domingo : |
| Nombre del de productor, editor, distribuidor, fabricante |
Instituto Nacional de Formación y Capacitación del Magisterio, |
| Fecha de producción, publicación, distribución, fabricación o copyright |
2008 |
| 300 ## - DESCRIPCIÓN FÍSICA |
| Extensión |
xix, 501 páginas : |
| Otras características físicas |
ilustraciones ; |
| Dimensiones |
23 cm |
| 336 ## - TIPO DE CONTENIDO |
| Término de tipo de contenido |
texto |
| Código de tipo de contenido |
txt |
| Fuente |
rdacontent |
| 337 ## - TIPO DE MEDIO |
| Nombre/término del tipo de medio |
sin mediación |
| Código del tipo de medio |
n |
| Fuente |
rdamedia |
| 338 ## - TIPO DE SOPORTE |
| Nombre/término del tipo de soporte |
volumen |
| Código del tipo de soporte |
nc |
| Fuente |
rdacarrier |
| 490 0# - MENCIÓN DE SERIE |
| Mención de serie |
Educación |
| 500 ## - NOTA GENERAL |
| Nota general |
Incluye referencias bibliográficas y notas al pie de las páginas |
| 504 ## - NOTA DE BIBLIOGRAFÍA, ETC. |
| Nota de bibliografía, etc. |
|
| 505 0# - NOTA DE CONTENIDO CON FORMATO |
| Nota de contenido con formato |
Prólogo -- Presentación -- Nota preliminar del autor – Una mirada internacional a la educación 1 -- La República Dominicana en la agenda educativa internacional 2 -- Reflexiones sobre los principales consensos educativos de los países del Sur en materia de educación y algunos escenarios del futuro desarrollo educativo latinoamericano 22 -- Hacia la cultura de la calidad de la educación 39 -- Alfabetización : un reto de ayer, hoy y siempre 81 -- Aportes y perspectivas de la educación popular en América Latina 93 -- La cultura burocrática y la administración de la educación 139 -- Multiculturalidad y la educación intercultural 173 – Investigaciones e innovaciones educativas 198 -- Investigación para el desarrollo en una perspectiva cultural y educativa 200 -- Innovación educativa en América Latina 222 -- La investigación en la educación de jóvenes y adultos en América Latina 253 -- Hacia un proyecto estratégico de innovaciones "Sembradoras y sembradores de la educación general dominicana para el siglo XXI 286 – Educación y algunos actores 310 -- Una mirada a la educación desde el mundo empresarial de un país latinoamericano en los tiempos electorales 312 -- Educación, clase política y promesas electorales 332 -- Escuela de madres y padres en América Latina 345 -- Una nueva escuela para todos y las organizaciones magisteriales en los países de la región 371 -- La Cantuta : un paradigma histórico de formación docente inicial en la educación superior de América Latina 386 – Educación y articulaciones 432 -- Cooperación de la educación superior con los otros niveles de la educación 434 -- Atención integral a la primera infancia 449 -- Hacia la construcción de redes de centros educativos en la República Dominicana 458 -- LOS Desafíos de la educación dominicana del 2008 al 2018 482. |
| 590 ## - NOTA LOCAL (RLIN) |
| Nota local |
Inventariado, 2026/VM |
| 650 #7 - PUNTO DE ACCESO ADICIONAL DE MATERIA--TÉRMINO DE MATERIA |
| Término de materia o nombre geográfico como elemento de entrada |
Educación |
| Subdivisión geográfica |
América Latina. |
| Subdivisión de forma |
Ensayos, conferencias, etc. |
| 650 #7 - PUNTO DE ACCESO ADICIONAL DE MATERIA--TÉRMINO DE MATERIA |
| Término de materia o nombre geográfico como elemento de entrada |
Innovaciones educativas |
| Subdivisión geográfica |
República Dominicana. |
| 910 ## - DATOS DE OPCIÓN DEL USUARIO (OCLC) |
| Datos de opción del usuario |
VMateo V. Control de calidad. BPMSU |
| 942 ## - ELEMENTOS DE PUNTO DE ACCESO ADICIONAL (KOHA) |
| Fuente del sistema de clasificación o colocación |
Dewey Decimal Classification |
| Tipo de ítem Koha |
Libros |